000 00628nam a22002177a 4500
003 UA-OsUOA
001 106645
007 ta
008 20140603b un ||||| |||| 00| 0 ukr d
100 _aВасильєв О.
090 _a330(477)
_bВ19
942 _cSA
040 _aUA-OsUOA
_bukr
_cUA-OsUOA
_dUA-OsUOA
245 _aПринципи скорингового моделювання
300 _aС.40
955 _a0
041 _aukr
080 _a330(477)
773 0 _w106640
_tВісник Національного банку України
_dК.
_d2014
_g5
650 7 _a330 Економіка взагалі
_2UDC
999 _c392731
_d392731